000 00946nam a2200229Ia 4500
003 GCL
008 140319s9999 xx 000 0 ara d
040 _aGCL /
_cGCL
082 0 4 _a301.412
_bن م
100 1 _aنور - دار المراة العربية للنشر
245 1 0 _aالمرأة العربية فى مواجهة العصر: بحوث ونقاشات الندوات الفكرية التى نظمتها نور - دار المرأة العربية للنشر /
_cنور - دار المراة العربية للنشر
300 _a357 ص
490 _aالهيئة العامة للاستعلامات
_v0
650 0 4 _aالمرأة
650 0 4 _aحقوق المرأة
650 0 4 _aالاجتماع، علم
650 0 4 _aالمرأة فى الادب
650 0 4 _aالمرأة - رعاية اجتماعية
650 0 4 _aالمرأة - رعاية صحية
650 0 4 _aالمرأة فى المجتمع
942 _2ddc
_cBK
999 _c50567
_d50567